<?xml version="1.0" encoding="UTF-8"?><?xml-stylesheet type="text/xsl" href="static/style.xsl"?><OAI-PMH xmlns="http://www.openarchives.org/OAI/2.0/" xmlns:xsi="http://www.w3.org/2001/XMLSchema-instance" xsi:schemaLocation="http://www.openarchives.org/OAI/2.0/ http://www.openarchives.org/OAI/2.0/OAI-PMH.xsd"><responseDate>2026-06-29T03:12:54Z</responseDate><request verb="GetRecord" identifier="oai:docta.ucm.es:20.500.14352/98311" metadataPrefix="marc">https://docta.ucm.es/rest/oai/request</request><GetRecord><record><header><identifier>oai:docta.ucm.es:20.500.14352/98311</identifier><datestamp>2025-03-18T15:17:39Z</datestamp><setSpec>com_20.500.14352_14</setSpec><setSpec>col_20.500.14352_15</setSpec></header><metadata><record xmlns="http://www.loc.gov/MARC21/slim" xmlns:dcterms="http://purl.org/dc/terms/" xmlns:xsi="http://www.w3.org/2001/XMLSchema-instance" xmlns:doc="http://www.lyncode.com/xoai" xsi:schemaLocation="http://www.loc.gov/MARC21/slim http://www.loc.gov/standards/marcxml/schema/MARC21slim.xsd">
   <leader>00925njm 22002777a 4500</leader>
   <datafield ind2=" " ind1=" " tag="042">
      <subfield code="a">dc</subfield>
   </datafield>
   <datafield ind2=" " ind1=" " tag="720">
      <subfield code="a">Rigual Hernández, Victoria de los Ángeles</subfield>
      <subfield code="e">author</subfield>
   </datafield>
   <datafield ind2=" " ind1=" " tag="720">
      <subfield code="a">Domínguez Toribio, Juan Carlos</subfield>
      <subfield code="e">author</subfield>
   </datafield>
   <datafield ind2=" " ind1=" " tag="720">
      <subfield code="a">Santos, Tamara</subfield>
      <subfield code="e">author</subfield>
   </datafield>
   <datafield ind2=" " ind1=" " tag="720">
      <subfield code="a">Rivas Siota, Sandra</subfield>
      <subfield code="e">author</subfield>
   </datafield>
   <datafield ind2=" " ind1=" " tag="720">
      <subfield code="a">Alonso Rubio, María Virginia</subfield>
      <subfield code="e">author</subfield>
   </datafield>
   <datafield ind2=" " ind1=" " tag="720">
      <subfield code="a">Oliet Pala, María Mercedes</subfield>
      <subfield code="e">author</subfield>
   </datafield>
   <datafield ind2=" " ind1=" " tag="720">
      <subfield code="a">Rodríguez Somolinos, Francisco</subfield>
      <subfield code="e">author</subfield>
   </datafield>
   <datafield ind2=" " ind1=" " tag="260">
      <subfield code="c">2019</subfield>
   </datafield>
   <datafield ind2=" " ind1=" " tag="520">
      <subfield code="a">Sequential pretreatments provide advantages of every single process towards a complete biomass fractionation. In this work, autohydrolysis and IL microwave pretreatments are sequentialy studied, and their effect to enhance enzymatic hydrolysis is analyzed. Mild, intermediate and severe autohydrolysis are combined with four IL temperatures (50, 80, 120 and 150 °C). Pretreated solids are enzymatically hydrolyzed and compared in terms of chemical composition and morphology. Digital image analysis is employed to numerically determine the heterogeneity of the solids using surface fractal dimension and lacunarity parameters. In this study, the negative effect of intermediate and severe autohydrolysis, over the subsequent IL pretreatment is demonstrated. Mild autohydrolysis and high IL conditions (AH150IL120) results in digestibilities of 78.8 g of glucan/100 g of glucan introduced. High surface fractal values (in the range of 2.5461–2.7124) and low lacunarities (0.0818–0.2563) enhance the enzymatic accessibility of pine wood. Furthermore, the negative effect of softwood lignin accumulation in the surface is observed using confocal fluorescence microscopy.</subfield>
   </datafield>
   <datafield ind1="8" ind2=" " tag="024">
      <subfield code="a">Rigual, Victoria, et al. «Autohydrolysis and Microwave Ionic Liquid Pretreatment of Pinus Radiata: Imaging Visualization and Analysis to Understand Enzymatic Digestibility». Industrial Crops and Products, vol. 134, agosto de 2019, pp. 328-37.  https://doi.org/10.1016/j.indcrop.2019.03.068.</subfield>
   </datafield>
   <datafield ind1="8" ind2=" " tag="024">
      <subfield code="a">0926-6690</subfield>
   </datafield>
   <datafield ind1="8" ind2=" " tag="024">
      <subfield code="a">10.1016/j.indcrop.2019.03.068</subfield>
   </datafield>
   <datafield ind1="8" ind2=" " tag="024">
      <subfield code="a">https://hdl.handle.net/20.500.14352/98311</subfield>
   </datafield>
   <datafield ind1="8" ind2=" " tag="024">
      <subfield code="a">https://doi.org/10.1016/j.indcrop.2019.03.068</subfield>
   </datafield>
   <datafield ind2="0" ind1="0" tag="245">
      <subfield code="a">Autohydrolysis and microwave ionic liquid pretreatment of Pinus radiata: Imaging visualization and analysis to understand enzymatic digestibility</subfield>
   </datafield>
</record></metadata></record></GetRecord></OAI-PMH>